000 00491nam a2200169 a 4500
001 000020920
005 20240313073816.0
008 100824s2004 dr 000 0 spa d
040 _aDO-SdBNP
_bspa
_cBNPHU
082 _axxx
_bP221a
245 0 0 _aPara aprender a escribir /
_cCompilador Lipe Collado.
260 _aSanto Domingo :
_bCollado,
_c2004.
300 _a132 p. ;
_c22 cm.
500 _aIncluye índice onomástico
049 _aBNPD
700 1 _aCollado, Lipe,
_d1947-
_eComp.
_979819
999 _c20423
_d20423